|
|
|
|
| LEADER |
00000ny a22000003n 4500 |
| 005 |
20110512115421.0 |
| 008 |
751019c19299999sw ar 0 b0swe |
| 035 |
|
|
|a 3334
|
| 040 |
|
|
|a DLC
|c MnMULS
|d vLex
|
| 090 |
|
|
|c 1765
|d 1765
|
| 110 |
1 |
|
|a Sweden.
|b Arbetsdomstolen
|
| 245 |
3 |
0 |
|a Arbetsdomstolens domar
|h [Recurso electrn̤ico]
|
| 256 |
|
|
|a Servicio en ln̕ea
|
| 310 |
|
|
|a Anual
|
| 650 |
0 |
4 |
|a Jurisprudencia
|x Publicaciones perid̤icas
|
| 650 |
0 |
4 |
|a Sentencias
|z Pas̕es de la Unin̤ Europea
|
| 710 |
1 |
|
|a Sweden.
|b Arbetsdomstolen.
|t Domar
|
| 740 |
0 |
|
|a vLex Revista (Servicios en ln̕ea)
|
| 843 |
|
|
|a Electrn̤ica. Abierta
|
| 853 |
|
|
|8 1
|i (year)
|j (month)
|k (day)
|
| 856 |
4 |
0 |
|z Acceso restringido
|u http://vlex.com/account/login_ip?fuente_id=3334
|
| 942 |
|
|
|c REV
|
| 999 |
|
0 |
|a Labor laws and legislation
|z Sweden
|v Cases.
|